000 00507nam a2200169Ia 4500
005 20250326125606.0
008 250326s9999 xx 000 0 und d
037 _aTextbook
040 _aFMSL
_beng
_cFMSL
041 _aeng
_2eng
084 _aX8(F131):531 L1
_qFMSL
245 0 _aReport on the comtinuance of protection to the aluminium industry
260 _aBombay
_bBombay, Government Of India
_c1971
300 _a84p
942 _cTB
_hX8(F131):531 L1
999 _c1278712
_d1278712